| 000 | 00516nam a2200169 a 4500 | ||
|---|---|---|---|
| 001 | 0000-9128 | ||
| 003 | ELIB.Books | ||
| 008 | 110520 1956 | ||
| 035 | _a(ELIB.Books)0000-9280 | ||
| 082 |
_a268.432 _bSod |
||
| 100 | _aSoderholm, Marjorie E. | ||
| 245 | _aUnderstanding the pupil(Part-2)/ ( Part 1, Part 2, Part 3) | ||
| 260 |
_bGrand Rapids: Baker Book House Company _c1956 |
||
| 650 | _aChristian Education - Children | ||
| 942 |
_2ddc _cBK |
||
| 998 |
_cbat _e2011-05-20 _mcat _u2019-02-07 |
||
| 999 |
_c9128 _d9128 |
||